| 000 | 00531nam a22001817a 4500 | ||
|---|---|---|---|
| 999 |
_c8701 _d8701 |
||
| 003 | AR-CdUCM | ||
| 008 | 190325b ||||| |||| 00| 0 spa d | ||
| 040 |
_aMUNICIPALIDAD PROVINCIAL DEL CUSCO _cBIBLIOTECA MUNICIPAL DEL CUSCO |
||
| 082 |
_a869.56 / _bN56H |
||
| 100 |
_aNieto Degregori, Luis _96534 |
||
| 245 | _aHarta cerveza y harta bala / | ||
| 260 |
_aCusco : _bLluvia editores, _c1987. |
||
| 300 |
_a42 páginas ; _c16.5 cm. |
||
| 650 |
_aCuentos peruanos _97 |
||
| 650 |
_aSiglo XX _98 |
||
| 942 |
_2ddc _cLIBROS |
||
| 945 | _aafb | ||